Tamara /
Mladá lékařka Tamara pochází z Ruska. Její rodina nedávno přesídlila do Prahy a ona se snaží nalézt odpovídající uplatnění. Když se Tamaře podaří tento problém vyřešit, nastanou další a podstatně složitější. Musí čelit svým příbuzným, řešit problematický partnerský vztah i bojovat o rodové dědictví....
Uloženo v:
| Hlavní autor: | |
|---|---|
| Médium: | E-kniha |
| Jazyk: | Czech |
| Vydáno: |
Praha :
E-knihy jedou,
2018
|
| Tagy: |
Žádné tagy |
| LEADER | 01552nam a22002297i 4500 | ||
|---|---|---|---|
| 001 | 310989 | ||
| 007 | ta | ||
| 008 | 260601s2018 xr ||||| |||| 00| 0 cze d | ||
| 020 | |a 9990001810245 | ||
| 044 | |a xr | ||
| 100 | 1 | |a Mouseová, Martina |4 aut | |
| 245 | 1 | 0 | |a Tamara / |c Mouseová, Martina |
| 264 | 1 | |a Praha : |b E-knihy jedou, |c 2018 | |
| 300 | |a 1 online zdroj (301 stran) | ||
| 336 | |a text |b txt |2 rdacontent | ||
| 337 | |a bez média |b n |2 rdamedia | ||
| 338 | |a online zdroj |b cr |2 rdacarrier | ||
| 520 | 2 | |a Mladá lékařka Tamara pochází z Ruska. Její rodina nedávno přesídlila do Prahy a ona se snaží nalézt odpovídající uplatnění. Když se Tamaře podaří tento problém vyřešit, nastanou další a podstatně složitější. Musí čelit svým příbuzným, řešit problematický partnerský vztah i bojovat o rodové dědictví. Tamara zjišťuje, že její rod už po staletí ukrývá obrovské tajemství. Román se odehrává v současné Praze, v Rusku, ale také v Paříži. Děj románu líčí jak současný život, tak historické události, které současnost neustále ovlivňují. | |
| 910 | |a RBIT002 | ||
| 998 | |d 181024 |a https://core.palmknihy.cz/api/books/181024/cover?pjmtl5 |b https://core.palmknihy.cz/api/books/181024/cover/400?pjmtl5 |c https://core.palmknihy.cz/api/books/181024/cover/50?pjmtl5 |e |g 301 |i 9990001810245 |j https://core.palmknihy.cz/api/books/181024/preview.epub |k https://core.palmknihy.cz/api/books/181024/preview.pdf |l |q 49 |r 1 |s https://www.palmknihy.cz/kniha/181024 |t ebook |y 2018 |z 1 | ||
| 999 | |d 310987 | ||